Wszystkie postacie z Harry Potter 2 - Statystyki

Ogólne statystyki
  • Ten quiz został rozwiązany 5 razy
  • Średni wynik to 56 z 201
Statystyki odpowiedzi
Hint Odpowiedź % Poprawnych
Zakon Feniksa Harry Potter
100%
Zakon Feniksa Charlie Weasley
75%
Zakon Feniksa Fred Weasley
75%
Zakon Feniksa George Weasley
75%
Sojusznicy Zakonu Ginny Weasley
75%
Zakon Feniksa Hermiona Granger
75%
Sojusznicy Zakonu Percy Weasley
75%
Zakon Feniksa Ron Weasley
75%
Zakon Feniksa Alastor Moody
50%
Reprezentacja Gryffindoru w Quidditchu (Ścigający) Alicja Spinnet
50%
Pracownicy Departamentów Amelia Bones
50%
Pracownicy Departamentów | Pracownicy komisji i biur | Zakon Feniksa Artur Weasley
50%
Zakon Feniksa Bill Weasley
50%
Inni (Ministerstwo) | Reprezentacja Gryffindoru w Quidditchu (Kapitanowie) | Reprezentacja Gryffindoru w Quidditchu (Szukający) Charlie Weasley
50%
Reprezentacja Ravenclawu w Quidditchu (Szukający) Cho Chang
50%
Zakon Feniksa Frank Longbottom
50%
Reprezentacja Gryffindoru w Quidditchu (Pałkarze) Fred Weasley
50%
Reprezentacja Gryffindoru w Quidditchu (Pałkarze) George Weasley
50%
Reprezentacja Gryffindoru w Quidditchu (Kapitanowie) | Reprezentacja Gryffindoru w Quidditchu (Szukający) Harry Potter
50%
Reprezentacja Gryffindoru w Quidditchu (Ścigający) | Zakon Feniksa James Potter
50%
Reprezentacja Gryffindoru w Quidditchu (Ścigający) Katie Bell
50%
Zakon Feniksa Kingsley Shacklebolt
50%
Zakon Feniksa Lily Potter
50%
Zakon Feniksa Molly Weasley
50%
Reprezentacja Gryffindoru w Quidditchu (Kapitanowie) | Reprezentacja Gryffindoru w Quidditchu (Obrońca) | Sojusznicy Zakonu Oliver Wood
50%
Zakon Feniksa Remus Lupin
50%
Zakon Feniksa Rubeus Hagrid
50%
Zakon Feniksa Syriusz Black
50%
Reprezentacja Hufflepuffu w Quidditchu (Ścigający) Zachariasz Smith
50%
Zakon Feniksa Aberforth Dumbledore
25%
Inni (Ministerstwo) Adrian
25%
Inni (Ministerstwo) Albert Runcorn
25%
Inni (Ministerstwo) | Zakon Feniksa Albus Dumbledore
25%
Zakon Feniksa Alicja Longbottom
25%
Pracownicy Departamentów Amos Diggory
25%
Reprezentacja Slytherinu w Quidditchu (Kapitanowie) Andrew Snowyowl
25%
Sojusznicy Zakonu Andromeda Tonks
25%
Reprezentacja Gryffindoru w Quidditchu (Kapitanowie) Angelina Appleby
25%
Reprezentacja Gryffindoru w Quidditchu (Kapitanowie) | Reprezentacja Gryffindoru w Quidditchu (Ścigający) Angelina Johnson
25%
Reprezentacja Hufflepuffu w Quidditchu (Pałkarze) Anthony Rickett
25%
Zakon Feniksa Arabella Figg
25%
Pracownicy Departamentów Arnold Peasegood
25%
Reprezentacja Gryffindoru w Quidditchu (Kapitanowie) Ashley Sanders
25%
Reprezentacja Gryffindoru w Quidditchu (Kapitanowie) Astrix Alixan
25%
Sojusznicy Zakonu Augusta Longbottom
25%
Pracownicy Departamentów Bartemiusz Crouch Sr
25%
Zakon Feniksa Benio Fenwick
25%
Pracownicy Departamentów Berta Jorkins
25%
Pracownicy Departamentów Bob
25%
Inni (Ministerstwo) Bob Ogden
25%
Inni (Ministerstwo) Bozo
25%
Reprezentacja Ravenclawu w Quidditchu (Ścigający) Bradley
25%
Reprezentacja Hufflepuffu w Quidditchu (Ścigający) Cadwallader
25%
Zakon Feniksa Caradoc Dearborn
25%
Reprezentacja Hufflepuffu w Quidditchu (Szukający) Cedrik Diggory
25%
Reprezentacja Ravenclawu w Quidditchu (Ścigający) Chambers
25%
Reprezentacja Gryffindoru w Quidditchu (Kapitanowie) Concepta Battista
25%
Inni (Ministerstwo) | Pracownicy komisji i biur Cuthbert Mockridge
25%
Reprezentacja Slytherinu w Quidditchu (Kapitanowie) Dan Darker
25%
Reprezentacja Gryffindoru w Quidditchu (Kapitanowie) David Hamblin
25%
Reprezentacja Slytherinu w Quidditchu (Kapitanowie) David Makehay
25%
Zakon Feniksa Dedalus Diggle
25%
Pracownicy Departamentów Dirk Cresswell
25%
Pracownicy komisji i biur Dolores Umbridge
25%
Reprezentacja Slytherinu w Quidditchu (Szukający) Draco Malfoy
25%
Reprezentacja Ravenclawu w Quidditchu (Pałkarze) Duncan Inglebee
25%
Zakon Feniksa Edgar Bones
25%
Pracownicy Departamentów | Zakon Feniksa Elfias Doge
25%
Rodzina Urquart Elphinstone Urquart
25%
Reprezentacja Slytherinu w Quidditchu (Kapitanowie) Emma Vanity
25%
Zakon Feniksa Emmelina Vance
25%
Inni (Ministerstwo) Eryk Munch
25%
Zakon Feniksa Fabian Prewett
25%
Reprezentacja Gryffindoru w Quidditchu (Kapitanowie) Filemina Alchin
25%
Sojusznicy Zakonu Filius Flitwick
25%
Zakon Feniksa Fleur Delacour
25%
Zakon Feniksa Gideon Prewett
25%
Pracownicy komisji i biur Gilbert Wimple
25%
Reprezentacja Gryffindoru w Quidditchu (Szukający/Ścigający) Ginny Weasley
25%
Reprezentacja Slytherinu w Quidditchu (Kapitanowie) | Reprezentacja Slytherinu w Quidditchu (Ścigający) Graham Montague
25%
Reprezentacja Ravenclawu w Quidditchu (Obrońca) Grant Page
25%
Pracownicy komisji i biur Gryzelda Marchbanks
25%
Rodzina Jones Gwenog Jones
25%
Reprezentacja Gryffindoru w Quidditchu (Kapitanowie) Hamish Frater
25%
Reprezentacja Hufflepuffu w Quidditchu (Ścigający) Heidi Macavoy
25%
Reprezentacja Hufflepuffu w Quidditchu (Obrońca) Herbert Fleet
25%
Rodzina Jones | Zakon Feniksa Hestia Jones
25%
Sojusznicy Zakonu Horacy Slughorn
25%
Reprezentacja Gryffindoru w Quidditchu (Kapitanowie) | Rodzina McGonagall Isobel McGonagall
25%
Reprezentacja Ravenclawu w Quidditchu (Pałkarze) Jason Samuels
25%
Reprezentacja Ravenclawu w Quidditchu (Ścigający) Jeremy Stretton
25%
Reprezentacja Slytherinu w Quidditchu (Kapitanowie) Jess Lafington
25%
Reprezentacja Gryffindoru w Quidditchu (Pałkarze) Jimmy Peakes
25%
Reprezentacja Slytherinu w Quidditchu (Kapitanowie) Jody Jacknife
25%
Reprezentacja Slytherinu w Quidditchu (Kapitanowie) Jo King
25%
Reprezentacja Slytherinu w Quidditchu (Kapitanowie) Katie Rayknolls
25%
Pracownicy Departamentów Korneliusz Knot
25%
Reprezentacja Slytherinu w Quidditchu (Kapitanowie) Kris Kolumbiko
25%
Sojusznicy Zakonu Lee Jordan
25%
Reprezentacja Slytherinu w Quidditchu (Kapitanowie) Lucinda Talkalot
25%
Pracownicy Departamentów Ludo Bagman
25%
Sojusznicy Zakonu Luna Lovegood
25%
Inni (Ministerstwo) Mafalda Hopkirk
25%
Rodzina McGonagall Malcolm McGonagall
25%
Reprezentacja Hufflepuffu w Quidditchu (Ścigający) Malcolm Preece
25%
Reprezentacja Slytherinu w Quidditchu (Kapitanowie) | Reprezentacja Slytherinu w Quidditchu (Ścigający) Marcus Flint
25%
Reprezentacja Slytherinu w Quidditchu (Kapitanowie) Mark Overcliff
25%
Reprezentacja Slytherinu w Quidditchu (Kapitanowie) Mark Sommertime
25%
Reprezentacja Hufflepuffu w Quidditchu (Pałkarze) Maxine O'Flaherty
25%
Rodzina Jones Megan Jones
25%
Reprezentacja Gryffindoru w Quidditchu | Rodzina McGonagall M. G. McGonagall
25%
Reprezentacja Hufflepuffu w Quidditchu (Rezerwowy pałkarz) Michael McManus
25%
Reprezentacja Gryffindoru w Quidditchu | Rodzina McGonagall | Zakon Feniksa Minerwa McGonagall
25%
Sojusznicy Zakonu Mrużka
25%
Zakon Feniksa Mundungus Fletcher
25%
Sojusznicy Zakonu Muriel
25%
Reprezentacja Gryffindoru w Quidditchu (Kapitanowie) Natalie Holkham
25%
Reprezentacja Slytherinu w Quidditchu (Kapitanowie) Neil Lament
25%
Sojusznicy Zakonu Neville Longbottom
25%
Zakon Feniksa Nimfadora Tonks
25%
Sojusznicy Zakonu | Zakon Feniksa Olimpia Maxime
25%
Reprezentacja Gryffindoru w Quidditchu (Kapitanowie) Oona Ballington
25%
Pracownicy Departamentów Percy Weasley
25%
Rodzina Jones Peter Jones
25%
Zakon Feniksa Peter Pettigrew
25%
Inni (Ministerstwo) Phoebus Penrose
25%
Pracownicy Departamentów Pius Thicknesse
25%
Sojusznicy Zakonu Pomona Sprout
25%
Reprezentacja Ravenclawu w Quidditchu (Ścigający) Randolph Burrow
25%
Pracownicy Departamentów Reginald Cattermole
25%
Reprezentacja Gryffindoru w Quidditchu (Kapitanowie) Richard Carter
25%
Rodzina McGonagall Robert McGonagall Jr
25%
Rodzina McGonagall Robert McGonagall Sr
25%
Reprezentacja Slytherinu w Quidditchu (Kapitanowie) Robin Higgy
25%
Reprezentacja Ravenclawu w Quidditchu (Ścigający) Roger Davies
25%
Reprezentacja Gryffindoru w Quidditchu (Obrońca) Ron Weasley
25%
Reprezentacja Slytherinu w Quidditchu (Kapitanowie) Rufus Winickus
25%
Reprezentacja Slytherinu w Quidditchu (Kapitanowie) Russell Lucky
25%
Zakon Feniksa Severus Snape
25%
Reprezentacja Gryffindoru w Quidditchu (Kapitanowie) Stephen Gould
25%
Reprezentacja Slytherinu w Quidditchu (Kapitanowie) Steve Laughalot
25%
Reprezentacja Slytherinu w Quidditchu (Kapitanowie) Stuart Craggy
25%
Zakon Feniksa Sturgis Podmore
25%
Sojusznicy Zakonu Stworek
25%
Reprezentacja Hufflepuffu w Quidditchu (Szukający) Summerby
25%
Sojusznicy Zakonu Sybilla Trelawney
25%
Reprezentacja Hufflepuffu w Quidditchu (Ścigający) Tamsin Applebee
25%
Sojusznicy Zakonu Ted Tonks
25%
Reprezentacja Slytherinu w Quidditchu (Kapitanowie) | Reprezentacja Slytherinu w Quidditchu (Ścigający) Urquhart
25%
Reprezentacja Slytherinu w Quidditchu (Kapitanowie) Vicky Bishopper
25%
Pracownicy komisji i biur Walden Macnair
25%
Rodzina McGonagall William McGonagall
25%
Reprezentacja Slytherinu w Quidditchu (Kapitanowie) Winky Crockett
25%
Sojusznicy Zakonu Zgredek
25%
Reprezentacja Slytherinu w Quidditchu (Ścigający) Adrian Pucey
0%
Reprezentacja Gryffindoru w Quidditchu (Pałkarze) Andrew Kirke
0%
Reprezentacja Gryffindoru w Quidditchu (Obrońca) Cormac McLaggen
0%
Reprezentacja Gryffindoru w Quidditchu (Ścigający) Dean Thomas
0%
Reprezentacja Gryffindoru w Quidditchu (Ścigający) Demelza Robins
0%
Zakon Feniksa Dorcas Meadowes
0%
Pracownicy Departamentów Ginny Potter
0%
Reprezentacja Slytherinu w Quidditchu (Pałkarze) Gregory Goyle
0%
Reprezentacja Slytherinu w Quidditchu (Szukający) Harper
0%
Pracownicy Departamentów Hermiona Weasley
0%
Reprezentacja Gryffindoru w Quidditchu (Pałkarze) Jack Sloper
0%
Reprezentacja Slytherinu w Quidditchu (Ścigający) Kasjusz Warrington
0%
Reprezentacja Slytherinu w Quidditchu (Pałkarze) Lucjan Bole
0%
Reprezentacja Slytherinu w Quidditchu (Obrońca) Miles Bletchley
0%
Reprezentacja Slytherinu w Quidditchu (Ścigający) Montague
0%
Reprezentacja Slytherinu w Quidditchu (Pałkarze) Peregrine Derrick
0%
Reprezentacja Slytherinu w Quidditchu (Szukający) Regulus Black
0%
Reprezentacja Gryffindoru w Quidditchu (Pałkarze) Ritchie Coote
0%
Reprezentacja Gryffindoru w Quidditchu R. J. H. King
0%
Reprezentacja Gryffindoru w Quidditchu (Ścigający) Rose Granger-Weasley
0%
Reprezentacja Slytherinu w Quidditchu (Szukający) Terence Higgs
0%
Reprezentacja Slytherinu w Quidditchu (Ścigający) Vaisey
0%
Reprezentacja Slytherinu w Quidditchu (Pałkarze) Vincent Crabbe
0%
Inni (Ministerstwo) Wilkie Twycross
0%
Inni (Ministerstwo) William Weasley
0%
Nie znaleziono quizów pasujących do podanych kryteriów
Rozkład punktacji
Procent ludzi z każdym wynikiem
Percentyl według liczby udzielonych odpowiedzi
Twoja historia wyników
Nie rozwiązałeś tego quizu